Reading homonyms / : (Record no. 102017)
[ view plain ]
| 000 -LEADER | |
|---|---|
| fixed length control field | 00533nam a2200193 a 4500 |
| 005 - DATE AND TIME OF LATEST TRANSACTION | |
| control field | 20140412111225.0 |
| 008 - FIXED-LENGTH DATA ELEMENTS--GENERAL INFORMATION | |
| fixed length control field | 020410s19uu xx 00 eng d |
| 020 ## - INTERNATIONAL STANDARD BOOK NUMBER | |
| International Standard Book Number | 0-87966-691-9 |
| 050 ## - LIBRARY OF CONGRESS CALL NUMBER | |
| Classification number | TR(GS 428.4 |
| Item number | B57 1981 |
| 100 ## - MAIN ENTRY--PERSONAL NAME | |
| Personal name | Boning, Richard A. |
| 245 ## - TITLE STATEMENT | |
| Title | Reading homonyms / : |
| Statement of responsibility, etc | Richard A. Boning. |
| Remainder of title | B1 through B2 / |
| 260 ## - PUBLICATION, DISTRIBUTION, ETC. (IMPRINT) | |
| Place of publication, distribution, etc | New York : |
| Name of publisher, distributor, etc | Barnell Loft, Ltd, |
| Date of publication, distribution, etc | 1981. |
| 300 ## - PHYSICAL DESCRIPTION | |
| Extent | 1 v. (unp.) |
| 440 ## - SERIES STATEMENT/ADDED ENTRY--TITLE | |
| Title | Supportive Reading Skills |
| 650 ## - SUBJECT ADDED ENTRY--TOPICAL TERM | |
| Topical term or geographic name as entry element | Homonyms |
| 650 ## - SUBJECT ADDED ENTRY--TOPICAL TERM | |
| Topical term or geographic name as entry element | Reading |
| Withdrawn status | Lost status | Damaged status | Home library | Current library | Shelving location | Date acquired | Source of acquisition | Total Checkouts | Full call number | Barcode | Date last seen | Price effective from | Koha item type |
|---|---|---|---|---|---|---|---|---|---|---|---|---|---|
| Elizalde Library | Elizalde Library | Teachers Reference Section | 04/10/2002 | TR(GS 428.4 B57 1981 | E0294 | 04/12/2014 | 04/12/2014 | Books | |||||
| Elizalde Library | Elizalde Library | Teachers Reference Section | 06/04/2002 | TR(GS 428.4 B57 1981 | E3073 | 04/12/2014 | 04/12/2014 | Books |